| 000 | 00590cam a2200205 a 4500 | ||
|---|---|---|---|
| 001 | 000004383 | ||
| 005 | 20200929151432.0 | ||
| 008 | 930610s1993 ag 000 1 spa | ||
| 040 |
_aDO-SdBNP _bspa _cBNPHU |
||
| 082 |
_a823.914 _bH645s |
||
| 100 | 1 |
_aHill, Susan, _d1942- _912903 |
|
| 245 | 1 | 3 |
_aLa señora de Winter / _cSusan Hill. |
| 260 |
_aBuenos Aires : _bAtlántida, _c1993. |
||
| 300 |
_a319 p. ; _c24 cm. |
||
| 534 |
_pTítulo original : _tMrs. De Winter |
||
| 650 | 4 |
_aNovela inglesa _91071 |
|
| 650 | 4 |
_aLiteratura inglesa _9498 |
|
| 910 | _aCatalogación derivada | ||
| 910 | _aWM | ||
| 999 |
_c4192 _d4192 |
||